Výučbový systém využívajúci multimediálne prezentovanie informácií

Gespeichert in:
Bibliographische Detailangaben
1. Verfasser: Bednár, Maroš (Verfasst von)
Weitere Verfasser: Rozinajová, Viera, 1959- (Betreuung Doktorarbeit)
Format: Manuskript Buch
Sprache:Slowakisch
Veröffentlicht: Bratislava : STU v Bratislave FIIT, 2010
Schlagworte:
Online-Zugang:VAIS
Tags: Tag hinzufügen
Keine Tags, Fügen Sie das erste Tag hinzu!

MARC

LEADER 00000ntm a22000003a 4500
001 stu220575
005 20150617230119.2
008 110128s2010----xo------------------slo-d
040 |a STU  |b slo 
041 0 |a slo 
044 |a xo 
100 1 |a Bednár, Maroš  |4 aut  |u I200  |U FIIT Fakulta informatiky a informačných technológií  |T FIIT Ústav informatiky a softvérového inžinierstva  |U I200  |Y 179 
242 0 0 |a Learning system using multimedia presentation of information  |y eng 
245 1 |a Výučbový systém využívajúci multimediálne prezentovanie informácií 
260 |a Bratislava :  |b STU v Bratislave FIIT,  |c 2010 
650 7 |a informatika  |2 stusub 
650 7 |a Informatics  |2 estusub 
650 7 |a systém  |2 stusub 
650 7 |a multimédiá  |2 stusub 
700 1 |a Rozinajová, Viera,  |d 1959-  |4 ths  |u I200  |U FIIT Fakulta informatiky a informačných technológií  |T FIIT Ústav informatiky a softvérového inžinierstva  |X 110  |U I200  |Y 179  |7 110 
856 4 |a info a plný text  |u http://is.stuba.sk/zp/portal_zp.pl?podrobnosti=46438  |3 VAIS 
996 |c I*BAP12/10  |l II680  |s P  |a 0  |w stu220575_0001